AESOP'S FABLES (Record no. 467470)

MARC details
000 -LEADER
fixed length control field 00301nam a2200133Ia 4500
008 - FIXED-LENGTH DATA ELEMENTS--GENERAL INFORMATION
fixed length control field 100204s9999 xx 000 0 und d
082 ## - DEWEY DECIMAL CLASSIFICATION NUMBER
Item number 22358
100 ## - MAIN ENTRY--PERSONAL NAME
Personal name VERNON THOMAS
245 ## - TITLE STATEMENT
Title AESOP'S FABLES
260 ## - PUBLICATION, DISTRIBUTION, ETC. (IMPRINT)
Name of publisher, distributor, etc HH
Date of publication, distribution, etc 1991
630 ## - SUBJECT ADDED ENTRY--UNIFORM TITLE
Uniform title AESOP'S FABLES
730 ## - ADDED ENTRY--UNIFORM TITLE
Uniform title AESOP'S FABLES
942 ## - ADDED ENTRY ELEMENTS (KOHA)
Koha item type Book
Holdings
Withdrawn status Lost status Damaged status Not for loan Home library Current library Date acquired Cost, normal purchase price Total Checkouts Full call number Barcode Date last seen Cost, replacement price Price effective from Koha item type Public note
        N. C. Kelkar Sarvajanik Library, Mulund N. C. Kelkar Sarvajanik Library, Mulund 02/04/2010 55.00   22358 NCKMULUND-22358 02/04/2010 55.00 02/04/2010 Book 3)अनामत जप्त